[Event "Groningen op 60th"]
[Site "Groningen"]
[Date "2024.12.27"]
[Round "6"]
[White "Schilstra, Laurens"]
[Black "Boeren, Jurriaan"]
[Result "0-1"]
[WhiteElo "2150"]
[BlackElo "2147"]
[PlyCount "112"]
[EventDate "2024.12.21"]
[EventType "swiss"]
[EventRounds "9"]
[EventCountry "NED"]
[SourceTitle "CB02_2025"]
[SourceDate "2025.01.08"]
[SourceVersion "1"]
[SourceVersionDate "2025.01.08"]
[SourceQuality "1"]

1. e4 e6 2. d4 d5 3. exd5 exd5 4. c4 Bb4+ 5. Bd2 Bxd2+ 6. Nxd2 Nf6 7. Qa4+ Nc6 8. cxd5 Qe7+ 9. Be2 Nxd5 10. 0-0-0 0-0 11. Nf1 Qg5+ 12. Rd2 Qxg2 13. Ng3 Qxf2 14. Nf3 Qe3 15. Bd1 Bg4 16. Re1 Qh6 17. Rg1 Rfe8 18. h3 Nb6 19. Qb3 Be6 20. Qb5 Rad8 21. Qh5 Qxh5 22. Nxh5 Kh8 23. Nxg7 Rg8 24. Nxe6 fxe6 25. Ng5 Rdf8 26. Rdg2 Nd8 27. h4 Nd5 28. Rg3 h6 29. Ne4 Rxg3 30. Rxg3 Rf4 31. Nc5 Rxd4 32. Bb3 Rxh4 33. Nd7 Rf4 34. Ne5 Ne7 35. Rd3 Nf7 36. Rd7 Nxe5 37. Rxe7 Nd3+ 38. Kd2 Nc5 39. Bc2 Rd4+ 40. Ke3 Rd7 41. Re8+ Kg7 42. b4 Na6 43. a3 c5 44. Rxe6 cxb4 45. Rg6+ Kf8 46. Bf5 Re7+ 47. Kd4 bxa3 48. Be6 Rc7 49. Ke5 Rg7 50. Rxh6 Ke7 51. Rh3 Nc7 52. Bf5 Nb5 53. Rd3 a2 54. Rd7+ Ke8 55. Rd1 Nc3 56. Rh1 Nb1 0-1

[Event "Groningen op 60th"]
[Site "Groningen"]
[Date "2024.12.26"]
[Round "5"]
[White "Mohammed, Dilshad"]
[Black "Schilstra, Laurens"]
[Result "1/2-1/2"]
[WhiteElo "2078"]
[BlackElo "2150"]
[PlyCount "228"]
[EventDate "2024.12.21"]
[EventType "swiss"]
[EventRounds "9"]
[EventCountry "NED"]
[SourceTitle "CB02_2025"]
[SourceDate "2025.01.08"]
[SourceVersion "1"]
[SourceVersionDate "2025.01.08"]
[SourceQuality "1"]

1. Nf3 Nf6 2. c4 e6 3. g3 b6 4. Bg2 Bb7 5. 0-0 Be7 6. d4 0-0 7. Nc3 Bb4 8. Qc2 c5 9. Bg5 h6 10. Bxf6 Qxf6 11. Ng5 hxg5 12. Bxb7 Bxc3 13. bxc3 Nc6 14. Bxa8 Rxa8 15. Rad1 cxd4 16. cxd4 Rc8 17. Qe4 Na5 18. c5 b5 19. d5 Qf5 20. Qxf5 exf5 21. c6 dxc6 22. dxc6 Nc4 23. Rd5 Rxc6 24. Rxb5 Re6 25. e3 g6 26. Rc1 Nd2 27. Rb8+ Kg7 28. Rb7 a6 29. a4 g4 30. Kg2 Nf3 31. h4 Rd6 32. Rbc7 Rd2 33. Ra1 Ne5 34. Rcc1 Rb2 35. Rd1 Nc4 36. Rd4 Nd2 37. Rd1 Ne4 38. Rxe4 fxe4 39. Rd6 Rb1 40. Rxa6 Ra1 41. a5 f5 42. Ra7+ Kg8 43. a6 Kf8 44. Ra8+ Kg7 45. a7 Kh7 46. h5 gxh5 47. Rf8 Rxa7 48. Rxf5 Kg6 49. Rf4 Ra4 50. Kf1 Kg5 51. Rf8 Ra2 52. Ke1 Rb2 53. Rf4 Rb4 54. Kd2 Rc4 55. Rf8 Kg6 56. Ra8 Kg5 57. Rd8 Rc5 58. Rg8+ Kf5 59. Rb8 Kg5 60. Ra8 Kf5 61. Ra2 Kg5 62. Ra7 Kf5 63. Ra3 Kg5 64. Rb3 Rd5+ 65. Ke2 Rc5 66. Kd2 Rd5+ 67. Kc2 Rf5 68. Kc3 Rxf2 69. Kd4 Rf3 70. Rb5+ Kg6 71. Rb6+ Rf6 72. Rb8 Re6 73. Rg8+ Kh7 74. Rg5 Kh6 75. Rg8 Re7 76. Rh8+ Kg6 77. Rg8+ Kh7 78. Rg5 Kh6 79. Rg8 Re6 80. Rh8+ Kg5 81. Rg8+ Rg6 82. Rh8 Rh6 83. Rg8+ Kf5 84. Rd8 h4 85. Rd5+ Ke6 86. gxh4 Rxh4 87. Ra5 g3 88. Rg5 Rh3 89. Kxe4 Rh4+ 90. Kf3 Ra4 91. Rxg3 Rb4 92. Rg8 Ra4 93. Re8+ Kf6 94. Rb8 Ke5 95. Rb5+ Ke6 96. Rb8 Ke5 97. Re8+ Kf6 98. Rg8 Rb4 99. Ra8 Ke5 100. Re8+ Kf6 101. Ke2 Rb3 102. Rd8 Ke5 103. Rh8 Ra3 104. Rh4 Ra1 105. Rb4 Kd5 106. Kf3 Rf1+ 107. Kg4 Ke5 108. Ra4 Rf2 109. Kg3 Rf1 110. Kg4 Rf2 111. Kg3 Rf1 112. Kg2 Rf8 113. Rf4 Rxf4 114. exf4+ Kxf4 1/2-1/2

[Event "Groningen op 60th"]
[Site "Groningen"]
[Date "2024.12.23"]
[Round "3"]
[White "Schilstra, Laurens"]
[Black "Van der Hagen, Loek"]
[Result "0-1"]
[WhiteElo "2150"]
[BlackElo "2315"]
[PlyCount "110"]
[EventDate "2024.12.21"]
[EventType "swiss"]
[EventRounds "9"]
[EventCountry "NED"]
[SourceTitle "CB02_2025"]
[SourceDate "2025.01.08"]
[SourceVersion "1"]
[SourceVersionDate "2025.01.08"]
[SourceQuality "1"]

1. d4 Nf6 2. c4 g6 3. Nc3 Bg7 4. e4 d6 5. Be2 e5 6. dxe5 dxe5 7. Qxd8+ Kxd8 8. Bg5 Ke8 9. Nf3 Nfd7 10. 0-0-0 c6 11. c5 f6 12. Be3 Bf8 13. Na4 Be7 14. Nd2 Nf8 15. Nc4 Ne6 16. Nd6+ Bxd6 17. Rxd6 Ke7 18. Rhd1 Rd8 19. Bc4 Rxd6 20. cxd6+ Ke8 21. Rd3 Nf8 22. Ra3 Nbd7 23. Bg8 h5 24. h4 b5 25. Nb6 Nxb6 26. Bxb6 Be6 27. Bxe6 Nxe6 28. Rxa7 Rxa7 29. Bxa7 Kd7 30. Be3 Kxd6 31. b3 c5 32. Kc2 Kc6 33. Kc3 Nd4 34. Bh6 Ne6 35. a3 Kb6 36. g3 Kc6 37. f3 f5 38. exf5 gxf5 39. b4 cxb4+ 40. axb4 Kd5 41. Kd3 Nd4 42. g4 Nxf3 43. gxh5 Nxh4 44. Bg5 Nf3 45. Be7 Ke6 46. h6 Kf7 47. Bd6 Kg6 48. Ke3 e4 49. Kf4 Nd4 50. Ke5 Nc2 51. Kf4 e3 52. Kf3 Kxh6 53. Ke2 Kg5 54. Kd3 Na3 55. Bg3 f4 0-1

[Event "NED-chT 2425"]
[Site "Netherlands"]
[Date "2024.09.21"]
[Round "1.9"]
[White "Wempe, Joost"]
[Black "Schilstra, Laurens"]
[Result "0-1"]
[WhiteElo "2261"]
[BlackElo "2165"]
[PlyCount "104"]
[EventDate "2024.09.21"]
[EventType "team-tourn"]
[EventRounds "9"]
[EventCountry "NED"]
[SourceTitle "EXT 2025"]
[Source "ChessBase"]
[SourceDate "2024.10.14"]
[SourceVersion "1"]
[SourceVersionDate "2024.10.14"]
[SourceQuality "1"]
[WhiteTeam "Groningen Combinatie"]
[BlackTeam "Amstelveen Zukertort"]
[WhiteTeamCountry "NED"]
[BlackTeamCountry "NED"]

1. d4 d5 2. Nf3 Nf6 3. g3 c6 4. Bg2 Bg4 5. c4 e6 6. 0-0 Be7 7. h3 Bh5 8. Ne5 0-0 9. Nc3 Nfd7 10. g4 Nxe5 11. dxe5 Bg6 12. Qb3 Nd7 13. cxd5 Nc5 14. Qd1 exd5 15. Bf4 d4 16. Nb1 Ne6 17. Bg3 Qb6 18. Qc1 Rad8 19. Kh1 d3 20. e3 Bb4 21. Nd2 Qc5 22. Rd1 Qc2 23. f4 f5 24. a3 Bc5 25. Nf1 fxg4 26. hxg4 d2 27. Qxc2 Bxc2 28. f5 Bxd1 29. Rxd1 Nc7 30. e6 Nd5 31. Bh4 Nf6 32. b4 Be7 33. Bf3 Rd3 34. Kg2 Rxa3 35. Rxd2 Rd8 36. Rb2 a6 37. g5 Ne8 38. e4 h6 39. f6 gxf6 40. gxh6 Kh7 41. Ng3 Rdd3 42. Bh5 Nd6 43. Nf5 Nxf5 44. exf5 Rh3 45. Bg6+ Kxh6 46. Bf2 Bd6 47. Rd2 Rad3 48. Rb2 Rh2+ 49. Kf1 Kg7 50. Ke2 Rd4 51. Ke3 Rxb4 52. Bg3 Bc5+ 0-1

[Event "Amsterdam Science Park op-A"]
[Site "Amsterdam"]
[Date "2024.07.20"]
[Round "8"]
[White "Van der Poel, Henk"]
[Black "Schilstra, Laurens"]
[Result "1-0"]
[WhiteElo "2180"]
[BlackElo "2138"]
[PlyCount "69"]
[EventDate "2024.07.13"]
[EventType "swiss"]
[EventRounds "9"]
[EventCountry "NED"]
[SourceTitle "CBM 221 Extra"]
[Source "ChessBase"]
[SourceDate "2024.09.30"]
[SourceVersion "1"]
[SourceVersionDate "2024.09.30"]
[SourceQuality "1"]

1. e4 c5 2. Nf3 d6 3. d4 cxd4 4. Nxd4 Nf6 5. Nc3 g6 6. Be3 Bg7 7. f3 a6 8. Qd2 h5 9. 0-0-0 b5 10. Kb1 Bb7 11. Bd3 Nbd7 12. h3 h4 13. Rhe1 Rc8 14. a3 Nb6 15. e5 Nfd5 16. Nxd5 Nxd5 17. e6 f5 18. Ne2 Qc7 19. Bd4 Bxd4 20. Nxd4 Qc5 21. Nb3 Qb6 22. Qg5 Kd8 23. Qxg6 Kc7 24. Qg5 f4 25. Bg6 Rhg8 26. Rxd5 Bxd5 27. Qxe7+ Kb8 28. Be4 Rge8 29. Qxh4 Rxe6 30. Bxd5 Re3 31. Rd1 Re2 32. Nd4 Rxg2 33. Qxf4 Qc5 34. Be4 Ka7 35. Ne6 1-0

[Event "Amsterdam Science Park op-A"]
[Site "Amsterdam"]
[Date "2024.07.19"]
[Round "7"]
[White "Schilstra, Laurens"]
[Black "Duson, Robin"]
[Result "1-0"]
[WhiteElo "2138"]
[BlackElo "2148"]
[PlyCount "49"]
[EventDate "2024.07.13"]
[EventType "swiss"]
[EventRounds "9"]
[EventCountry "NED"]
[SourceTitle "CBM 221 Extra"]
[Source "ChessBase"]
[SourceDate "2024.09.30"]
[SourceVersion "1"]
[SourceVersionDate "2024.09.30"]
[SourceQuality "1"]

1. e4 e5 2. Nf3 Nc6 3. Bc4 Nf6 4. d3 Bc5 5. c3 d6 6. b4 Bb6 7. Bb3 h6 8. Qe2 a5 9. b5 Ne7 10. Nbd2 c6 11. bxc6 bxc6 12. Nc4 Bc7 13. d4 exd4 14. cxd4 0-0 15. 0-0 Ng6 16. e5 Re8 17. Qc2 Nd5 18. Nxd6 Bxd6 19. Qxc6 Ba6 20. Qxd5 Bxe5 21. Qxf7+ Kh8 22. Qxg6 Bxf1 23. Nxe5 Rxe5 24. dxe5 Bd3 25. Qd6 1-0

[Event "Amsterdam Science Park op-A"]
[Site "Amsterdam"]
[Date "2024.07.15"]
[Round "3"]
[White "Schilstra, Laurens"]
[Black "Stolwijk, Colin"]
[Result "1/2-1/2"]
[WhiteElo "2138"]
[BlackElo "2266"]
[PlyCount "160"]
[EventDate "2024.07.13"]
[EventType "swiss"]
[EventRounds "9"]
[EventCountry "NED"]
[SourceTitle "CBM 221 Extra"]
[Source "ChessBase"]
[SourceDate "2024.09.30"]
[SourceVersion "1"]
[SourceVersionDate "2024.09.30"]
[SourceQuality "1"]

1. d4 Nf6 2. Nf3 g6 3. c4 Bg7 4. Nc3 0-0 5. e4 d6 6. Be2 Nbd7 7. 0-0 e5 8. Re1 Re8 9. Bf1 a6 10. d5 a5 11. a3 Nc5 12. b3 a4 13. b4 Nb3 14. Rb1 Nxc1 15. Rxc1 Nh5 16. c5 Bh6 17. Rb1 Nf4 18. Nd2 Qg5 19. g3 Nh3+ 20. Bxh3 Bxh3 21. Nc4 Qd8 22. cxd6 cxd6 23. Nb5 Ra6 24. Ne3 Bd7 25. Nc3 f5 26. exf5 gxf5 27. Qh5 Qg5 28. Qxg5+ Bxg5 29. b5 Raa8 30. Nc4 Rec8 31. Rb4 Bd2 32. Nxd2 Rxc3 33. Nc4 Rb3 34. Rb1 Rxb4 35. Rxb4 Rc8 36. Nxd6 Rc5 37. Nc4 Rxd5 38. Nb6 Rd1+ 39. Kg2 Be8 40. Nc4 Rd4 41. Rxa4 Bxb5 42. Ra8+ Kf7 43. Nxe5+ Ke6 44. Nf3 Rd3 45. Nh4 Bc6+ 46. Kf1 Rb3 47. Ke2 Bb5+ 48. Kd2 Rb2+ 49. Ke3 Re2+ 50. Kf3 Re4 51. Kg2 Re1 52. Ra5 Rb1 53. Nxf5 Bc6+ 54. Kh3 Kf6 55. Ne3 Rb2 56. f4 Bd7+ 57. f5 Rb3 58. Ng4+ Kg5 59. f6+ Kg6 60. Kh4 Bxg4 61. Kxg4 Kxf6 62. Rf5+ Kg6 63. Rf3 Rb2 64. h3 b5 65. Rc3 b4 66. Rc6+ Kg7 67. a4 Rd2 68. Rb6 b3 69. Rb7+ Kg6 70. Rb6+ Kg7 71. Kf3 Rd4 72. Rb7+ Kg6 73. g4 Rxa4 74. h4 b2 75. h5+ Kg5 76. Rb5+ Kh4 77. h6 Ra3+ 78. Kf4 Ra4+ 79. Kf3 Ra3+ 80. Kf4 Ra4+ 1/2-1/2

[Event "NED-chT 2324"]
[Site "Netherlands"]
[Date "2024.03.02"]
[Round "7.6"]
[White "Pham, Khoi"]
[Black "Schilstra, Laurens"]
[Result "1-0"]
[WhiteElo "2344"]
[BlackElo "2123"]
[PlyCount "129"]
[EventDate "2023.09.16"]
[EventType "team-tourn"]
[EventRounds "9"]
[EventCountry "NED"]
[SourceTitle "EXT 2025"]
[Source "ChessBase"]
[SourceDate "2024.10.14"]
[SourceVersion "1"]
[SourceVersionDate "2024.10.14"]
[SourceQuality "1"]
[WhiteTeam "Kennemer Combinatie"]
[BlackTeam "Amstelveen Zukertort"]
[WhiteTeamCountry "NED"]
[BlackTeamCountry "NED"]

1. d4 d5 2. c4 e6 3. Nf3 c6 4. Nbd2 f5 5. g3 Nf6 6. Bg2 Bd6 7. Ne5 Nbd7 8. Nd3 Ne4 9. 0-0 Nxd2 10. Bxd2 dxc4 11. Nf4 Nb6 12. e4 0-0 13. Re1 e5 14. dxe5 Bxe5 15. Bb4 Qxd1 16. Raxd1 Re8 17. Re2 fxe4 18. Bxe4 Bg4 19. f3 Bxf4 20. fxg4 Be5 21. Rde1 Bd4+ 22. Kg2 c5 23. Ba5 h6 24. Bxb7 Rxe2+ 25. Rxe2 Rb8 26. Ba6 Kf8 27. Kf3 Nd7 28. Bc7 Rxb2 29. Bd6+ Kg8 30. Bxc4+ Kh7 31. Bd3+ Kg8 32. Re8+ Kf7 33. Re7+ Kf6 34. Rxd7 Rf2+ 35. Ke4 Rxa2 36. Be7+ Ke6 37. Rb7 Ra4 38. Bc2 Ra3 39. Bb3+ Rxb3 40. Rxb3 Kxe7 41. Rb7+ Kd6 42. Rxa7 Kc6 43. Rf7 Bf6 44. h4 Kd6 45. g5 hxg5 46. hxg5 Bd4 47. Kd3 Ke6 48. Rf1 Ke5 49. g4 Ke6 50. Kc4 Ke5 51. Rf5+ Kd6 52. Kd3 Ke6 53. Ke4 Kd6 54. Rf1 Ke6 55. Rb1 Kf7 56. Rb6 Ke7 57. Kd5 Kf7 58. g6+ Ke7 59. g5 Kd7 60. Rb7+ Kc8 61. Rf7 Kb8 62. Kc6 Ka8 63. Rf8+ Ka7 64. Rg8 c4 65. Kd5 1-0

[Event "NED-chT 2324"]
[Site "Netherlands"]
[Date "2023.11.25"]
[Round "4.8"]
[White "Schilstra, Laurens"]
[Black "Bosman, Michiel"]
[Result "0-1"]
[WhiteElo "2123"]
[BlackElo "2368"]
[PlyCount "92"]
[EventDate "2023.09.16"]
[EventType "team-tourn"]
[EventRounds "9"]
[EventCountry "NED"]
[SourceTitle "EXT 2025"]
[Source "ChessBase"]
[SourceDate "2024.10.14"]
[SourceVersion "1"]
[SourceVersionDate "2024.10.14"]
[SourceQuality "1"]
[WhiteTeam "Amstelveen Zukertort"]
[BlackTeam "Leiden IntelliMagic"]
[WhiteTeamCountry "NED"]
[BlackTeamCountry "NED"]

1. Nf3 d5 2. g3 Nf6 3. Bg2 e6 4. 0-0 Be7 5. d4 0-0 6. c4 dxc4 7. Ne5 Qd6 8. Bf4 Qa6 9. Qc2 Rd8 10. Rd1 Nd5 11. Qxc4 Qxc4 12. Nxc4 Nc6 13. Bxd5 exd5 14. Ne5 Nxe5 15. Bxe5 c6 16. Nd2 Bf5 17. Rac1 Rac8 18. h4 h6 19. f3 Bg6 20. Nb3 b6 21. a3 a5 22. Nd2 f6 23. Bf4 c5 24. dxc5 Bxc5+ 25. Kg2 Bd4 26. e4 Rxc1 27. Rxc1 dxe4 28. Nxe4 Bxb2 29. Rc6 Bxa3 30. Rxb6 Ra8 31. g4 a4 32. Nc3 Bc5 33. Rc6 Bf8 34. g5 Be8 35. Rc7 hxg5 36. hxg5 fxg5 37. Be5 a3 38. Ne4 Ra5 39. Ba1 Bg6 40. Rb7 g4 41. Nc3 gxf3+ 42. Kxf3 Rf5+ 43. Ke2 Bf7 44. Rc7 Bd6 45. Ra7 Bc4+ 46. Kd2 Rf1 0-1

[Event "Amsterdam Science Park op-A"]
[Site "Amsterdam"]
[Date "2022.07.18"]
[Round "1"]
[White "Schilstra, Laurens"]
[Black "Van der Poel, Henk"]
[Result "1-0"]
[WhiteElo "1993"]
[BlackElo "2210"]
[PlyCount "73"]
[EventDate "2022.07.18"]
[EventType "swiss"]
[EventRounds "7"]
[EventCountry "NED"]
[SourceTitle "CBM 209 Extra"]
[Source "ChessBase"]
[SourceDate "2022.09.30"]
[SourceVersion "1"]
[SourceVersionDate "2022.09.30"]
[SourceQuality "1"]

1. e4 c5 2. Nf3 d6 3. d4 cxd4 4. Qxd4 a6 5. Bg5 Nc6 6. Qd2 h6 7. Bh4 g5 8. Bg3 Nf6 9. Nc3 Nh5 10. Be2 Bg7 11. 0-0 Nxg3 12. hxg3 0-0 13. Rab1 f5 14. exf5 Bxf5 15. Rfe1 e5 16. Bd3 Be6 17. Be4 Qd7 18. Rbd1 Rad8 19. Bd5 Ne7 20. Bxe6+ Qxe6 21. Nd5 Nc6 22. Qe3 Qg6 23. c3 Rf7 24. Nd2 h5 25. Ne4 Bh6 26. Qb6 Rdd7 27. a4 Qe6 28. b4 Rf8 29. b5 axb5 30. axb5 Nd8 31. Nc7 Qc4 32. Nd5 Bg7 33. Qe3 Ne6 34. Nb6 Qxb5 35. Nxd7 Qxd7 36. Rxd6 Qe7 37. Qd3 1-0

[Event "Hilversum op"]
[Site "Hilversum"]
[Date "2022.06.19"]
[Round "6"]
[White "Honkoop, Gilian"]
[Black "Schilstra, Laurens"]
[Result "1-0"]
[WhiteElo "2208"]
[BlackElo "1962"]
[PlyCount "64"]
[EventDate "2022.06.17"]
[EventType "swiss"]
[EventRounds "6"]
[EventCountry "NED"]
[SourceTitle "CBM 208 Extra"]
[Source "ChessBase"]
[SourceDate "2022.07.31"]
[SourceVersion "1"]
[SourceVersionDate "2022.07.31"]
[SourceQuality "1"]

1. c4 Nf6 2. Nf3 g6 3. d4 Bg7 4. Nc3 0-0 5. Bg5 c6 6. e3 d5 7. h3 Be6 8. Qb3 dxc4 9. Bxc4 Bxc4 10. Qxc4 Qa5 11. 0-0 Qf5 12. Qb4 Nbd7 13. Qxe7 Rfe8 14. Qa3 h6 15. Bf4 g5 16. Bg3 h5 17. Rae1 Nf8 18. h4 gxh4 19. Nxh4 Qg4 20. Qc5 b5 21. Qxc6 b4 22. Ne2 Rac8 23. Qa4 Rc4 24. f3 Qg5 25. e4 Rd8 26. Nf5 Ng6 27. Qb3 Rc6 28. Bf2 Qd2 29. d5 Rcc8 30. Be3 Qc2 31. Ned4 Qxb3 32. axb3 Ne5 1-0

[Event "NED-ch U18"]
[Site "Rotterdam"]
[Date "2016.05.04"]
[Round "6"]
[White "Yang, Wang"]
[Black "Schilstra, Laurens"]
[Result "1-0"]
[WhiteElo "1930"]
[BlackElo "1978"]
[PlyCount "109"]
[EventDate "2016.04.29"]
[EventType "swiss"]
[EventRounds "9"]
[EventCountry "NED"]
[SourceTitle "CBM 172 Extra"]
[Source "ChessBase"]
[SourceDate "2016.06.21"]
[SourceVersion "1"]
[SourceVersionDate "2016.06.21"]
[SourceQuality "1"]

1. d4 Nf6 2. Nf3 d5 3. Bf4 c5 4. e3 Nc6 5. Be2 e6 6. 0-0 Bd6 7. Bxd6 Qxd6 8. c3 0-0 9. Nbd2 b6 10. Qc2 Bb7 11. Rfe1 Rac8 12. Rad1 Rfe8 13. Qb1 a6 14. Nb3 e5 15. dxe5 Nxe5 16. c4 Qe7 17. cxd5 Nxd5 18. Nxe5 Qxe5 19. Bf3 Rcd8 20. Nc1 c4 21. Ne2 Ba8 22. a3 b5 23. Rd4 Nf6 24. Bxa8 Rxa8 25. Red1 h6 26. Ng3 g6 27. Qc1 Rac8 28. h3 Kg7 29. Kh1 Rc6 30. e4 Rec8 31. f4 Qe6 32. Qc3 a5 33. e5 Ne8 34. Qxa5 c3 35. bxc3 Rxc3 36. Ne4 Rb3 37. Kh2 Rc2 38. R1d2 Rxd2 39. Nxd2 Re3 40. Qxb5 Rxa3 41. Rd8 Kf8 42. Ne4 Ra7 43. Nf6 Re7 44. Rxe8+ Rxe8 45. Qxe8+ Qxe8 46. Nxe8 Kxe8 47. Kg3 Ke7 48. Kf3 h5 49. Ke4 Ke6 50. g4 hxg4 51. hxg4 Kd7 52. f5 gxf5+ 53. gxf5 Ke7 54. Kd5 Kd7 55. f6 1-0

[Event "NED-ch U18"]
[Site "Rotterdam"]
[Date "2016.05.01"]
[Round "3"]
[White "Schilstra, Laurens"]
[Black "Tikranian, Alik"]
[Result "0-1"]
[WhiteElo "1978"]
[BlackElo "2153"]
[PlyCount "80"]
[EventDate "2016.04.29"]
[EventType "swiss"]
[EventRounds "9"]
[EventCountry "NED"]
[SourceTitle "CBM 172 Extra"]
[Source "ChessBase"]
[SourceDate "2016.06.21"]
[SourceVersion "1"]
[SourceVersionDate "2016.06.21"]
[SourceQuality "1"]

1. d4 d5 2. c4 c6 3. Nc3 Nf6 4. cxd5 cxd5 5. Bf4 a6 6. e3 Nc6 7. Bd3 e6 8. Nge2 Be7 9. 0-0 0-0 10. Qb3 b5 11. Rfc1 Bb7 12. a4 b4 13. Na2 Qd7 14. Be5 Nxe5 15. dxe5 Ng4 16. Nxb4 Nxe5 17. Qc3 Bxb4 18. Qxe5 Bd6 19. Qd4 e5 20. Qb6 Rfb8 21. Bf5 Qe7 22. Qa5 d4 23. exd4 exd4 24. Bd3 Rd8 25. Ng3 g6 26. Re1 Qf8 27. Qb6 Rab8 28. Bxa6 Bxg2 29. Qxd4 Bb4 30. Qg4 Bxe1 31. Kxg2 Bb4 32. Bc4 Qg7 33. Qf3 Rd4 34. Rc1 h5 35. h3 Bd6 36. Ne2 Rd2 37. b3 Rf8 38. a5 Qe5 39. a6 Rxe2 40. a7 Ra2 0-1

[Event "NED-ch U21"]
[Site "Rotterdam"]
[Date "2015.05.09"]
[Round "9"]
[White "Schilstra, Laurens"]
[Black "Geene, Joris"]
[Result "0-1"]
[WhiteElo "1967"]
[BlackElo "1840"]
[PlyCount "32"]
[EventDate "2015.05.02"]
[EventType "swiss"]
[EventRounds "9"]
[EventCountry "NED"]
[SourceTitle "EXT 2016"]
[Source "ChessBase"]
[SourceDate "2015.10.08"]
[SourceVersion "1"]
[SourceVersionDate "2015.10.08"]
[SourceQuality "1"]

1. d4 Nf6 2. Nf3 g6 3. c4 Bg7 4. Nc3 0-0 5. e4 d6 6. Be2 e5 7. d5 a5 8. 0-0 Na6 9. b3 Nh5 10. Re1 f5 11. Bf1 Nc5 12. Nd2 Nf4 13. Qc2 Qg5 14. Kh1 Ncd3 15. Re2 Nxe2 16. Bxe2 Ne1 0-1

[Event "NED-ch U21"]
[Site "Rotterdam"]
[Date "2015.05.03"]
[Round "2"]
[White "Schilstra, Laurens"]
[Black "Van Hoorn, Frank"]
[Result "1-0"]
[WhiteElo "1967"]
[BlackElo "1817"]
[PlyCount "59"]
[EventDate "2015.05.02"]
[EventType "swiss"]
[EventRounds "9"]
[EventCountry "NED"]
[SourceTitle "EXT 2016"]
[Source "ChessBase"]
[SourceDate "2015.10.08"]
[SourceVersion "1"]
[SourceVersionDate "2015.10.08"]
[SourceQuality "1"]

1. e4 c5 2. c3 d5 3. exd5 Qxd5 4. d4 cxd4 5. cxd4 Nc6 6. Nf3 e5 7. Nc3 Bb4 8. Bd2 Bxc3 9. Bxc3 e4 10. Ne5 Nxe5 11. dxe5 Ne7 12. Be2 0-0 13. 0-0 Bf5 14. Qa4 Qe6 15. Rfd1 Qg6 16. Qb4 Rfe8 17. Qxb7 Rab8 18. Qa6 Rb6 19. Qa4 Reb8 20. Rd6 Rxd6 21. exd6 Bh3 22. Bf1 Nd5 23. Qxa7 Rf8 24. Qd4 Be6 25. Re1 Nf4 26. Kh1 f5 27. Qe5 Qh6 28. a4 Qg5 29. Bd2 Nd3 30. Qxe6+ 1-0

[Event "Enschede op-D U14"]
[Site "Enschede"]
[Date "2009.08.03"]
[Round "5"]
[White "Oosterbaan, Tristan"]
[Black "Schilstra, Laurens"]
[Result "1-0"]
[WhiteElo "1379"]
[BlackElo "1338"]
[PlyCount "113"]
[EventDate "2009.08.03"]
[EventType "swiss"]
[EventRounds "9"]
[EventCountry "NED"]
[SourceTitle "CBM 132 Extra"]
[Source "ChessBase"]
[SourceDate "2009.11.03"]
[SourceVersion "1"]
[SourceVersionDate "2009.11.03"]
[SourceQuality "1"]

1. c3 Nf6 2. d4 g6 3. Nf3 Bg7 4. g3 0-0 5. Bf4 d6 6. Bg2 Nbd7 7. 0-0 c5 8. Nbd2 cxd4 9. cxd4 Re8 10. Nc4 a6 11. Bg5 b5 12. Ncd2 Bb7 13. Re1 h6 14. Bxf6 Nxf6 15. e4 Rc8 16. d5 g5 17. Nb3 Nd7 18. Qd2 Nf8 19. Rac1 Qd7 20. Nbd4 Ng6 21. Nf5 Ne5 22. Nxg7 Nxf3+ 23. Bxf3 Kxg7 24. Qd4+ Kg8 25. Qe3 a5 26. Qe2 Rxc1 27. Rxc1 Rc8 28. Rxc8+ Qxc8 29. Qxb5 Ba6 30. Qc6 Qxc6 31. dxc6 Kf8 32. Bg4 e6 33. Bd1 Ke8 34. Ba4 Kd8 35. f3 Kc7 36. Kf2 d5 37. Ke3 Bc4 38. a3 e5 39. b3 d4+ 40. Kd2 Bf1 41. b4 axb4 42. axb4 Bg2 43. Ke2 f6 44. b5 g4 45. fxg4 Bxe4 46. Bd1 Bd5 47. Kd3 Be6 48. Ke4 Kb6 49. Be2 Kc5 50. h3 h5 51. gxh5 Bg8 52. c7 Bh7+ 53. Kf3 e4+ 54. Kf2 e3+ 55. Ke1 Bf5 56. g4 Bd7 57. h6 1-0